<?xml version="1.0" encoding="UTF-8"?>
<record
    xmlns:xsi="http://www.w3.org/2001/XMLSchema-instance"
    xsi:schemaLocation="http://www.loc.gov/MARC21/slim http://www.loc.gov/standards/marcxml/schema/MARC21slim.xsd"
    xmlns="http://www.loc.gov/MARC21/slim">

  <leader>03617nab a2200325 i 4500</leader>
  <controlfield tag="003">BR-BrBNA</controlfield>
  <controlfield tag="005">20240319141352.0</controlfield>
  <controlfield tag="008">240319b2019    bl.qr|pooa||| 00| 0 por |</controlfield>
  <datafield tag="040" ind1=" " ind2=" ">
    <subfield code="a">BR-BrBNA</subfield>
    <subfield code="b">por</subfield>
  </datafield>
  <datafield tag="072" ind1=" " ind2=" ">
    <subfield code="a">K10</subfield>
    <subfield code="b">3103</subfield>
  </datafield>
  <datafield tag="072" ind1=" " ind2=" ">
    <subfield code="a">U40</subfield>
    <subfield code="b">3140</subfield>
  </datafield>
  <datafield tag="100" ind1=" " ind2=" ">
    <subfield code="a">Debastiani, Aline Bernarda </subfield>
  </datafield>
  <datafield tag="100" ind1=" " ind2=" ">
    <subfield code="a">Martins, Luciellen Pereira</subfield>
  </datafield>
  <datafield tag="100" ind1=" " ind2=" ">
    <subfield code="a">Santos, K&#xEA;nia Samara Mour&#xE3;o</subfield>
  </datafield>
  <datafield tag="100" ind1=" " ind2=" ">
    <subfield code="a">Corte, Ana Paula Dalla</subfield>
  </datafield>
  <datafield tag="100" ind1=" " ind2=" ">
    <subfield code="a">Pellico Netto, Sylvio</subfield>
  </datafield>
  <datafield tag="100" ind1=" " ind2=" ">
    <subfield code="a">Sanquetta, Carlos Roberto </subfield>
  </datafield>
  <datafield tag="245" ind1=" " ind2=" ">
    <subfield code="a">Distribui&#xE7;&#xE3;o do di&#xE2;metro de copa e di&#xE2;metro quadr&#xE1;tico de Araucaria angustifolia e Pinus taeda</subfield>
  </datafield>
  <datafield tag="500" ind1=" " ind2=" ">
    <subfield code="a">Publica&#xE7;&#xE3;o on-line; 24 ref.; 4 tables; 2 illus.; Summaries (En, Pt)</subfield>
  </datafield>
  <datafield tag="520" ind1=" " ind2=" ">
    <subfield code="a">

Resumo

As fun&#xE7;&#xF5;es de densidade de probabilidade t&#xEA;m v&#xE1;rias aplica&#xE7;&#xF5;es florestais, entre as quais o tratamento de dados biom&#xE9;tricos e uso em modelagem. O objetivo deste estudo foi verificar qual fun&#xE7;&#xE3;o densidade de  probabilidade  melhor  se  ajusta  ao  di&#xE2;metro  de  copa  (dcopa)  e  ao  di&#xE2;metro  quadr&#xE1;tico  (dq),  e  tamb&#xE9;m  analisar o efeito dessas vari&#xE1;veis na estrutura da floresta. O estudo foi realizado com uma base de dados de Araucaria angustifolia provenientes de um fragmento florestal, e tamb&#xE9;m com dados de Pinus taedade um plantio florestal, ambos oriundos do estado do Paran&#xE1;. Para as respectivas &#xE1;reas de estudo foram delimitadas as copas das &#xE1;rvores com suporte de ortofotos digitais. As fun&#xE7;&#xF5;es avaliadas foram: Normal, Log-normal 2P, Beta, Gama, Weibull 3P e Weber. A fun&#xE7;&#xE3;o que melhor se ajustou &#xE0; vari&#xE1;vel dq para ambas as  esp&#xE9;cies  foi  a  Normal.  J&#xE1;  para  a  vari&#xE1;vel  dcopa,  a  fun&#xE7;&#xE3;o  de  Weibull  3P  foi  a  que  apresentou  melhor  ader&#xEA;ncia para o fragmento de arauc&#xE1;ria e a fun&#xE7;&#xE3;o de Weber para o plantio florestal de pinus. 

Palavras-chave: Ortofotos; Mensura&#xE7;&#xE3;o Florestal; Estrutura florestal</subfield>
  </datafield>
  <datafield tag="520" ind1=" " ind2=" ">
    <subfield code="a">

Abstract

The probability density functions have several forest applications, among which biometric data processing and modeling use. The objective of this study was to verify which probability density function best fits the cup diameter (dcopa) and the quadratic diameter (dq), and also to analyze the effect of these variables on the forest structure. The study was carried out with a database of Araucaria angustifolia from a forest fragment,  and  also  with  Pinus  taeda  data  from  a  forest  plantation,  both  from  the  state  of  Paran&#xE1;.  For  the  respective  study  areas,  the  crowns  of  the  trees  with  digital  orthophoto  support  were  delimited.  The  evaluated functions were: Normal, Log-normal 2P, Beta, Gama, Weibull 3P and Weber. The function that best fit the variable dq for both species was Normal. For the variable dcopa, the function of Weibull 3P was the  one  that  presented  better  adhesion  to  the  Araucaria  fragment  and  the  Weber  function  for  the  Pinus  forest plantation.

Keywords: Orthophotos; Forest measurement; Pinus; Forest structure</subfield>
  </datafield>
  <datafield tag="650" ind1=" " ind2=" ">
    <subfield code="a">FLORESTA</subfield>
  </datafield>
  <datafield tag="650" ind1=" " ind2=" ">
    <subfield code="a">ESTRUTURA VEGETAL</subfield>
  </datafield>
  <datafield tag="650" ind1=" " ind2=" ">
    <subfield code="a">FOTOGRAFIA</subfield>
  </datafield>
  <datafield tag="650" ind1=" " ind2=" ">
    <subfield code="a">DI&#xC2;METRO</subfield>
  </datafield>
  <datafield tag="773" ind1="0" ind2=" ">
    <subfield code="0">4065</subfield>
    <subfield code="9">313811</subfield>
    <subfield code="d">Santa Maria-RS Universidade Federal de Santa Maria - Centro de Pesquisas Florestais.Departamento de Ci&#xEA;ncias Florestais. Programa de P&#xF3;s-Gradua&#xE7;&#xE3;o em Engenharia Florestal 1991</subfield>
    <subfield code="o">2024-0078</subfield>
    <subfield code="t">Ci&#xEA;ncia Florestal (Brazil)</subfield>
    <subfield code="x">0103-9954; 1980-5098 (on-line)</subfield>
    <subfield code="g">v. 29(1) p. 270-280; (Jan-Mar 2019)</subfield>
    <subfield code="w">BR2023001599</subfield>
  </datafield>
  <datafield tag="856" ind1=" " ind2=" ">
    <subfield code="u">https://www.scielo.br/j/cflo/a/mHKKGtpMb4RsHgX5Y65X7Hq/?format=pdf&amp;lang=pt</subfield>
  </datafield>
  <datafield tag="942" ind1=" " ind2=" ">
    <subfield code="c">Anal&#xED;tica</subfield>
  </datafield>
  <datafield tag="999" ind1=" " ind2=" ">
    <subfield code="c">298850</subfield>
    <subfield code="d">298850</subfield>
  </datafield>
</record>
